000
00318 a2200145 4500
001
76251
020
_a
85-87872-23-0
040
_c
Anchieta - Colégio São Paulo
240
1
0
_a
A África está em nós
_l
por
245
1
0
_a
A África está em nós
300
_a
176
362
0
_a
2006
650
4
_a
Brasil
942
_c
BK
999
_c
76251
_d
76251